عيد الغدير في عهد الفاطميين;; eid alghadir fi eahd alfatimiiyn / (Record no. 79005)
[ view plain ]
| 000 -LEADER | |
|---|---|
| fixed length control field | 01132nam a2200277 a 4500 |
| 003 - CONTROL NUMBER IDENTIFIER | |
| rucl marc code | BD-RjUL |
| 005 - DATE AND TIME OF LATEST TRANSACTION | |
| control field | 20211215155423.0 |
| 008 - FIXED-LENGTH DATA ELEMENTS--GENERAL INFORMATION | |
| fixed length control field | 211215s1962 iq 000 0 ara d |
| 035 ## - SYSTEM CONTROL NUMBER | |
| System control number | (BD-RjUL) |
| 040 ## - CATALOGING SOURCE | |
| Original cataloging agency | NNL |
| Transcribing agency | BD-RjUL |
| Language of cataloging | eng |
| 041 0# - LANGUAGE CODE | |
| Language code of text/sound track or separate title | ara |
| 082 ## - DEWEY DECIMAL CLASSIFICATION NUMBER | |
| Edition number | 23 |
| Classification number | 892.7109 |
| Author mark and year | AME 1962 |
| 100 1# - MAIN ENTRY--PERSONAL NAME | |
| Personal name | الاميني، محمد هادي ;; Al-Amini, Muhammad Hadi |
| 9 (RLIN) | 203 |
| 245 10 - TITLE STATEMENT | |
| Title | عيد الغدير في عهد الفاطميين;; eid alghadir fi eahd alfatimiiyn / |
| Statement of responsibility, etc. | تأليف محمد هادى الامينى ;; Mohamad Hadi Al-Amini. . |
| 250 ## - EDITION STATEMENT | |
| Edition statement | الطبعة الاولى |
| 260 ## - PUBLICATION, DISTRIBUTION, ETC. (IMPRINT) | |
| Place of publication, distribution, etc. | النجف : |
| Name of publisher, distributor, etc. | مطبعة القضاء، |
| Date of publication, distribution, etc. | 1962[م] ١٣٨٢[هج]. |
| 300 ## - PHYSICAL DESCRIPTION | |
| Pagination | 160ص. |
| Size | 22 cm |
| 490 1# - SERIES STATEMENT | |
| Series statement | Studies in the literature of Fatimid Egypt; ;; دراسات في ادب مصر الفاطمية ؛ |
| Volume/sequential designation | 1 |
| 650 #4 - SUBJECT ADDED ENTRY--TOPICAL TERM | |
| Topical term or geographic name as entry element | Arabic poetry |
| Chronological subdivision | 750-1258 |
| General subdivision | History and criticism |
| 9 (RLIN) | 204 |
| Topical term or geographic name as entry element | Fatimites |
| 9 (RLIN) | 205 |
| Topical term or geographic name as entry element | ʻĪd al-Ghadīr in literature |
| 9 (RLIN) | 206 |
| Topical term or geographic name as entry element | ʻĪd al-Ghadīr |
| 9 (RLIN) | 207 |
| 830 #0 - SERIES ADDED ENTRY--UNIFORM TITLE | |
| Uniform title | دراسات في ادب مصر الفاطمية ؛ |
| Volume number/sequential designation | 1. |
| 942 ## - ADDED ENTRY ELEMENTS (KOHA) | |
| Source of classification or shelving scheme | Dewey Decimal Classification |
| Koha item type | Books |
| 990 ## - EQUIVALENCES OR CROSS-REFERENCES [LOCAL, CANADA] | |
| Link information for 9XX fields | universities |
| Lost status | Source of classification or shelving scheme | Damaged status | Not for loan | Collection code | Permanent Location | Current Location | Shelving location | Date acquired | Source of acquisition | Cost, normal purchase price | Total Checkouts | Full call number | Date last seen | Copy number | Koha item type |
|---|---|---|---|---|---|---|---|---|---|---|---|---|---|---|---|
| Dewey Decimal Classification | Not For Loan | Non-fiction | Central Library, University of Rajshahi | Central Library, University of Rajshahi | Reading Room | 13/09/1968 | zeitlinger | 23.00 | A 892.7109 AME 1962 | 15/12/2021 | C-1 | Books |